Statistiques concernant Harry Potter Quizz Français ♥

Cliquez ici pour prendre le quiz!

Statistiques générales

  • Ce quiz a été pris 1 843 fois
  • Le résultat moyen est 68 sur 112

Statistiques - réponses

questionAnswer% Correct
Harry Potter
99%
Ron Weasley
98%
Hermione Granger
98%
JK Rowling
95%
| SerpentardSeverus Rogue
89%
| Serpent de VoldemortNagini
88%
McGonagallChat
88%
Minerva Mcgonagall
87%
GryffondorMinerva McGonagall
87%
Salazar Serpentard
87%
Peter pettigrowRat
87%
Helga Poufsouffle
86%
Rowena Serdaigle
86%
Godric Gryffondor
86%
Sirius BlackChien
86%
Harry Potter et la chambre des secrets
86%
Harry Potter à l'école des sorciers
86%
Harry Potter et la coupe de feu
85%
Harry Potter et les reliques de la mort
83%
Harry Potter et le prince de sang mêlé
83%
Harry Potter et le prisonnier d'Azkaban
83%
Harry Potter et l'ordre du phénix
82%
James PotterCerf
82%
Hermione GrangerEmma Watson
80%
Chouette de Harry Hedwige
80%
| PoufsoufflePomona Chourave
79%
Elfe des Malefoy, ami de Harry Dobby
78%
| SerdaigleFilius Flitwick
77%
Rat de RonCroûtard
76%
Prison pour sorciersAzkaban
74%
Hippogriffe de HagridBuck
74%
Chat d'HermionePattenrond
74%
Potions
74%
Train emmenant les élèves à PoudlardPoudlard Express
70%
Araignée de HagridAragog
70%
Défense contre les forces du mal
70%
Elfe des BlackKreattur
70%
Métamorphose
69%
Lieu de vie des WeasleyLe Terrier
69%
Vol
68%
Chien à 3 têtes de HagridTouffu
67%
Divination
67%
Chat de RusardMiss Teigne
66%
Sortilèges
65%
Adresse des Dursley4, Privet Drive
65%
Banque des sorciersGringotts
65%
Chien de HagridCrockdur
64%
Gare de Londres pour aller à PoudlardKing's Cross
64%
Bus de sorciersMagicobus
63%
Ron weasleyRupert Grint
63%
Botanique
63%
Dragond de HagridNorbert
62%
Village de sorciersPré-au-Lard
62%
Rita SkeeterScarabée
62%
Harry PotterDaniel Radcliffe
61%
Drago MalfoyTom Felton
60%
Phénix de DumbledoreFumseck
58%
Lieu d'entrainement de l'rmée de DumbledoreLa Salle sur Demande
57%
Crapaud de NevilleTrevor
57%
Soins aux créatures magiques
57%
Etude des moldus
56%
Rolanda Bibine
56%
Astronomie
54%
Rubeus Hagrid
53%
Rue magique de LondresLe chemin de traverse
52%
Hopital des sorciersSt-Mangouste
52%
Histoire de la magie
52%
Sibylle Trelawney
51%
Arithmancie
50%
Hibou des WeasleyErrol
50%
Lieu de vie des parents de Harry Godric's Hollow
50%
Maison la plus hantée de Grande BretagneLa Cabane Hurlante
49%
Etude des runes
48%
Elfe de des CrouptonWinky
47%
Auberge sur cette rue magiqueLe chaudron baveur
46%
Le diadème de Rowena Serdaigle
46%
Le journal de Tom Jédusor
45%
Severus RogueAlan Rickman
44%
Le médaillon de Salazar Serpentard
43%
Cuthbert Binns
43%
Bar du village Les Trois Balais
42%
Cedric DiggoryRobert Pattinson
41%
Gouvernement des sorciersLe Ministère de la Magie
40%
Rue magique malfaméeL'Allée des embrumes
39%
Autre bar dirigé par Abelforth DumbledoreLa Tête de Sanglier
39%
Hibou de RonCoquecigrue
39%
La coupe de Helga Poufsouffle
39%
La bague des Gaunt
38%
Magasin de baguettes magiquesOllivanders
38%
Aurora Sinistra
35%
LibrairieFleury et Bott
35%
Magasin de farces et attrapesZonko
34%
Minerva McGonagallMaggie Smith
32%
Neville LondubatMatthew Lewis
31%
Ginny WeasleyBonnie Wright
31%
ConfiserieHoneyDukes
30%
Bellatrix LestrangeHelena Bonham Carter
30%
Luna LovegoodEvanna Lynch
30%
VoldemortRalph Fiennes
28%
Sirius BlackGary Oldman
27%
Ville où habitent les DursleyLittle Whinging
25%
Nom de l'hippogriffe après la mort de SiriusVentdebout
24%
Charity Burbage
24%
Septima Vector
23%
Rubeus HagridRobbie Coltrane
22%
Lieu de vie des JedusorLittle Hangleton
17%
Bathsheba Babbling
13%

Distribution des résultats

Percentile par nombre de réponses

% des personnes avec chaque résultat

Votre développement - résultats

Vous n’avez pas pris ce quiz